| 000 | 00355nam a2200133Ia 4500 | ||
|---|---|---|---|
| 008 | 150202s9999 xx 000 0 und d | ||
| 020 | _a140038507 | ||
| 050 |
_aFIC _bFIC |
||
| 100 | _aJames, P.D. | ||
| 245 | 2 |
_aA mind to murder / _cP.D. James |
|
| 260 |
_aGreat Britain : _bPenguin Books , _c1963. |
||
| 300 |
_a220 pages : _c18 cm. |
||
| 650 | _aFiction. | ||
| 999 |
_c282141 _d282141 |
||